[Event "Challenge"]
[Site "http://www.queenalice.com/game.php?id=582195"]
[Date "2009.5.3"]
[Round "-"]
[White "archangel"]
[Black "jon215"]
[Result "0-1"]
[WhiteElo "1705"]
[BlackElo "1822"]

1. d4 d5 2. Nc3 e6 3. e4 Bb4 4. e5 c5 5. Bb5+ Bd7 6. a4 Bxc3+ 7. bxc3 Qc7 8. Bb2
Bxb5 9. axb5 c4 10. Ba3 Nd7 11. Bd6 Qd8 12. Qb1 Ne7 13. Qb4 Nb6 14. Nf3 Nbc8 15.
Bc5 O-O 16. O-O b6 17. Bd6 Nxd6 18. exd6 Nf5 19. Ne5 Qxd6 20. Qb2 f6 21. Nc6 Rf7
22. Ra6 Ne7 23. Nxa7 Qc7 24. Rfa1 Nf5 25. Qa3 e5 26. dxe5 fxe5 27. Qa4 Qc5 28.
Nc6 Re8 29. g4 Nh4 30. Rf1 d4 31. Qa1 Qd5 0-1

[Event "AUTO-ADV-1339"]
[Site "http://www.queenalice.com/game.php?id=592598"]
[Date "2009.5.23"]
[Round "1"]
[White "QSL"]
[Black "jon215"]
[Result "0-1"]
[WhiteElo "1514"]
[BlackElo "1818"]

1. Nf3 d5 2. d4 Nf6 3. Ng5 e6 4. Nxf7 Kxf7 5. Nc3 Bb4 6. a3 Bxc3+ 7. bxc3 Rf8 8.
h4 Kg8 9. h5 Ne4 10. Rh3 Nxf2 11. Qd2 Nxh3 12. gxh3 Qh4+ 13. Kd1 Rxf1+ 0-1

[Event "AUTO-ADV-1339"]
[Site "http://www.queenalice.com/game.php?id=592599"]
[Date "2009.5.23"]
[Round "1"]
[White "jon215"]
[Black "QSL"]
[Result "0-1"]
[WhiteElo "1842"]
[BlackElo "1454"]

1. d4 d5 2. Nf3 Bf5 3. e3 e6 4. Nc3 Nf6 5. Bd3 Bxd3 6. Qxd3 Bb4 7. O-O Nc6 8. e4
dxe4 9. Nxe4 Nxe4 10. Qxe4 Qe7 11. c3 Ba5 12. Ne5 Nxe5 13. Qxe5 f6 14. Qh5+ g6
15. Qxa5 b6 16. Qb5+ Kf7 17. Re1 a6 18. Qc6 Qe8 19. Qxc7+ Qe7 20. Qxb6 Rhb8 21.
Qc5 Qxc5 22. dxc5 Rb5 23. b4 a5 24. a4 axb4 25. axb5 Rxa1 26. cxb4 Ra4 27. Bd2
Ra2 0-1

[Event "AUTO-ADV-1339"]
[Site "http://www.queenalice.com/game.php?id=592610"]
[Date "2009.5.23"]
[Round "1"]
[White "aormic"]
[Black "jon215"]
[Result "1-0"]
[WhiteElo "1866"]
[BlackElo "1713"]

1. d4 d5 2. c4 e6 3. Nc3 Nf6 4. Bg5 Be7 5. e3 O-O 6. Qc2 c5 7. dxc5 Bxc5 8. Rd1
Be7 9. cxd5 Nxd5 10. Bxe7 Qxe7 11. Nxd5 exd5 12. Rxd5 Nc6 13. a3 Be6 14. Rc5
Rac8 15. Nf3 Bg4 16. Be2 Qd7 17. O-O Bxf3 18. Bxf3 1-0

[Event "AUTO-ADV-1339"]
[Site "http://www.queenalice.com/game.php?id=592611"]
[Date "2009.5.23"]
[Round "1"]
[White "jon215"]
[Black "aormic"]
[Result "0-1"]
[WhiteElo "1724"]
[BlackElo "1855"]

1. d4 Nf6 2. c4 c5 3. Nf3 e6 4. e3 d5 5. Nc3 dxc4 6. Bxc4 a6 7. a4 Nc6 8. O-O
cxd4 9. Nxd4 Nxd4 10. exd4 Be7 11. Qf3 Qxd4 12. Bd3 O-O 13. Rd1 Qg4 14. Be2 Qxf3
15. Bxf3 Rd8 16. Bf4 Ne8 17. Rxd8 Bxd8 18. Rd1 Be7 19. b4 Bxb4 0-1

[Event "AUTO-ADV-1339"]
[Site "http://www.queenalice.com/game.php?id=592618"]
[Date "2009.5.23"]
[Round "1"]
[White "jon215"]
[Black "lafayete2000"]
[Result "1-0"]
[WhiteElo "1788"]
[BlackElo "1731"]

1. d4 d5 2. Nf3 Nf6 3. e3 a6 4. c4 dxc4 5. Bxc4 b5 6. Bb3 Bg4 7. h3 Bf5 8. Nc3
e6 9. Ne5 Bb4 10. Bd2 Ne4 11. Nxe4 Bxd2+ 12. Nxd2 O-O 13. O-O Qg5 14. Nef3 Qg6
15. g4 Bd3 16. Ne5 Qh6 17. Qf3 Bxf1 18. Qxa8 Bxh3 19. Qf3 1-0

[Event "AUTO-ADV-1339"]
[Site "http://www.queenalice.com/game.php?id=592619"]
[Date "2009.5.23"]
[Round "1"]
[White "lafayete2000"]
[Black "jon215"]
[Result "0-1"]
[WhiteElo "1661"]
[BlackElo "1833"]

1. e4 e5 2. Bc4 Nf6 3. Nc3 Bc5 4. Nf3 d6 5. Ng5 O-O 6. d3 Nc6 7. Bxf7+ Rxf7 8.
Nxf7 Kxf7 9. O-O Bg4 10. Qd2 Qd7 11. Nd5 Nxd5 12. exd5 Ne7 13. c4 Qf5 14. h3
Bxh3 15. gxh3 Qxh3 16. Qg5 Ng6 17. Be3 h6 18. Qg2 Qf5 19. Rad1 Nh4 20. Qg3 Nf3+
21. Kg2 Nd4 22. Bxd4 Bxd4 23. b3 g5 24. Qf3 Kg6 25. Qxf5+ Kxf5 26. Rh1 Kg6 27.
Rh3 Rf8 28. f3 g4 29. fxg4 Rf2+ 30. Kh1 Rxa2 31. Rh2 Ra3 32. b4 Rb3 33. b5 a6
34. bxa6 bxa6 35. Ra2 Rb6 36. Kg2 Kg5 37. Kh3 Rb3 38. Rxa6 Rb2 39. Ra7 Bxa7 0-1

[Event "AUTO-INT-1221"]
[Site "http://www.queenalice.com/game.php?id=599834"]
[Date "2009.6.7"]
[Round "2"]
[White "jon215"]
[Black "DaarSchaaktTie"]
[Result "0-1"]
[WhiteElo "1738"]
[BlackElo "1779"]

1. d4 d5 2. Nf3 f6 3. c4 dxc4 4. Nc3 Be6 5. e4 c6 6. d5 cxd5 7. exd5 Bf7 8. Bxc4
e6 9. Be3 e5 10. Bb5+ Nd7 11. O-O a6 12. Bxd7+ Qxd7 13. Na4 Qd6 14. Nb6 Ne7 15.
Nxa8 Nf5 16. Rc1 Be7 17. Rc8+ Bd8 18. Bb6 Ke7 19. Bc5 Bb6 0-1

[Event "AUTO-INT-1221"]
[Site "http://www.queenalice.com/game.php?id=599835"]
[Date "2009.6.7"]
[Round "2"]
[White "DaarSchaaktTie"]
[Black "jon215"]
[Result "0-1"]
[WhiteElo "1790"]
[BlackElo "1802"]

1. Nc3 Nf6 2. g3 g6 3. Bg2 Bg7 4. d3 d6 5. Be3 c5 6. Bd2 Bd7 7. Bxb7 Nc6 8. Bxa8
Qxa8 9. Nf3 Nd4 10. Nxd4 Qxh1# 0-1

[Event "AUTO-INT-1221"]
[Site "http://www.queenalice.com/game.php?id=599836"]
[Date "2009.6.7"]
[Round "2"]
[White "jon215"]
[Black "milosdav"]
[Result "0-1"]
[WhiteElo "1629"]
[BlackElo "1636"]

1. d4 d5 2. c4 e6 3. Nc3 Nf6 4. e3 Bb4 5. Nf3 c6 6. Qc2 Ne4 7. Bd3 Qa5 8. Bxe4
Bxc3+ 9. bxc3 dxe4 10. Ng5 Qxg5 11. Qxe4 O-O 12. O-O Nd7 13. f4 Qf6 14. Rf3 c5
15. Rh3 Qf5 16. Qf3 Qd3 17. Qh5 h6 18. g4 Nf6 19. Qh4 Qxc3 20. g5 e5 21. gxf6
Bxh3 22. Qg3 g6 23. Qxh3 Kh7 24. Rb1 exd4 25. Rxb7 Qxc1+ 26. Kg2 Qxe3 27. f5
Qe4+ 28. Qf3 Qxf3+ 29. Kxf3 gxf5 30. Kf4 Kg6 31. Rc7 Rfc8 32. Re7 Kxf6 0-1

[Event "AUTO-INT-1221"]
[Site "http://www.queenalice.com/game.php?id=599837"]
[Date "2009.6.7"]
[Round "2"]
[White "milosdav"]
[Black "jon215"]
[Result "1-0"]
[WhiteElo "1652"]
[BlackElo "1613"]

1. e4 e5 2. Nf3 Nc6 3. Bb5 d6 4. d4 exd4 5. Nxd4 Bd7 6. c3 Nxd4 7. Bxd7+ Qxd7 8.
cxd4 Nf6 9. O-O Nxe4 10. Re1 d5 11. f3 Qf5 12. fxe4 dxe4 13. Nc3 c5 14. Rxe4+
Be7 15. Re5 Qd7 16. d5 O-O 17. Bf4 Bf6 18. Re1 Bd4+ 19. Be3 Bxe3+ 20. Rxe3 b5
21. a3 a6 22. d6 a5 23. Re7 Qc6 24. Qd5 Qb6 25. Kh1 b4 26. axb4 Qxb4 27. Rf1 Qd4
28. Qxd4 cxd4 29. Ne4 Rab8 30. Rb1 Rbd8 31. d7 f5 32. Nc5 1-0